Personnages du Seigneur des Anneaux en images - Statistiques

Statistiques générales
  • Ce quiz a été pris 97 fois
  • Le résultat moyen est 14 sur 16
Statistiques - réponses
Par images Réponse % Correct
Gandalf
99%
Gimli
96%
Frodon
94%
Gollum
94%
Legolas
94%
Bilbon
93%
Pippin
92%
Aragorn
90%
Sauron
90%
Galadriel
89%
Boromir
88%
Saroumane
88%
Elrond
78%
Eowyn
78%
Theoden
76%
Sylvebarbe
71%
Aucun quiz correspondant
Distribution des résultats
% des personnes avec chaque résultat
Percentile par nombre de réponses
Votre historique - résultats
Vous n’avez pas pris ce quiz